000 00600nam a2200241 a 4500
001 nice12345678
003 IN_TiNIC
005 20260116011640.0
008 050524s1945 laha grp 000 0 urd
020 _a
_c100
082 0 0 _a297.86
_bGEE
100 _aGeelani, Syed Akhtar Hussain
245 _aBasat-E-Mujaddadeen
260 _aLahore
_bAhmadiyya Anjuman Ishaat-E-Islam
_c1945
300 _a64p
500 _aincludes index and biblioraphy
505 2 _aIndex
650 _aAhmadiyyah
700 1 _aGeelani, Syed Akhtar Hussain
902 _bSRS
942 _cBK
999 _c3122
_d3122